| 000 -LEADER |
| fixed length control field |
01535cam a22004094a 4500 |
| 001 - CONTROL NUMBER |
| control field |
14732191 |
| 005 - DATE AND TIME OF LATEST TRANSACTION |
| control field |
20200219151447.0 |
| 008 - FIXED-LENGTH DATA ELEMENTS--GENERAL INFORMATION |
| fixed length control field |
070212s2008 nyua b 001 0 eng |
| 010 ## - LIBRARY OF CONGRESS CONTROL NUMBER |
| LC control number |
2007006188 |
| 020 ## - INTERNATIONAL STANDARD BOOK NUMBER |
| International Standard Book Number |
0716743663 |
| 020 ## - INTERNATIONAL STANDARD BOOK NUMBER |
| International Standard Book Number |
9780716743668 |
| 020 ## - INTERNATIONAL STANDARD BOOK NUMBER |
| International Standard Book Number |
0716776014 |
| 020 ## - INTERNATIONAL STANDARD BOOK NUMBER |
| International Standard Book Number |
9780716776017 |
| 035 ## - SYSTEM CONTROL NUMBER |
| System control number |
(OCoLC)ocm83758878 |
| 040 ## - CATALOGING SOURCE |
| Original cataloging agency |
DLC |
| Transcribing agency |
DLC |
| Modifying agency |
BAKER |
| -- |
BTCTA |
| -- |
C#P |
| -- |
YDXCP |
| -- |
COU |
| -- |
VAM |
| -- |
UPP |
| -- |
DLC |
| 041 ## - LANGUAGE CODE |
| Language code of text/sound track or separate title |
eng |
| 050 00 - LIBRARY OF CONGRESS CALL NUMBER |
| Classification number |
QH581.2 |
| Item number |
.M655 2008 |
| 080 ## - UNIVERSAL DECIMAL CLASSIFICATION NUMBER |
| Universal Decimal Classification number |
577.2 M-79 |
| 082 00 - DEWEY DECIMAL CLASSIFICATION NUMBER |
| Classification number |
571.6 |
| Edition number |
22 |
| 245 00 - TITLE STATEMENT |
| Title |
Molecular cell biology / |
| Statement of responsibility, etc. |
Harvey Lodish ... [et al.]. |
| 250 ## - EDITION STATEMENT |
| Edition statement |
6th ed. |
| 264 ## - PRODUCTION, PUBLICATION, DISTRIBUTION, MANUFACTURE, AND COPYRIGHT NOTICE |
| Place of production, publication, distribution, manufacture |
New York : |
| Name of producer, publisher, distributor, manufacturer |
W.H. Freeman, |
| Date of production, publication, distribution, manufacture, or copyright notice |
c2008. |
| 300 ## - PHYSICAL DESCRIPTION |
| Extent |
1 v. (various pagings) : |
| Other physical details |
ill. (some col.) ; |
| Dimensions |
29 cm. |
| 504 ## - BIBLIOGRAPHY, ETC. NOTE |
| Bibliography, etc. note |
Includes bibliographical references and index. |
| 650 #0 - SUBJECT ADDED ENTRY--TOPICAL TERM |
| Topical term or geographic name entry element |
Cytology. |
| 9 (RLIN) |
7126 |
| 650 #0 - SUBJECT ADDED ENTRY--TOPICAL TERM |
| Topical term or geographic name entry element |
Molecular biology. |
| 9 (RLIN) |
168 |
| 653 ## - INDEX TERM--UNCONTROLLED |
| keyword |
ბიოლოგია |
| 653 ## - INDEX TERM--UNCONTROLLED |
| keyword |
ციტოლოგია |
| 700 1# - ADDED ENTRY--PERSONAL NAME |
| Personal name |
Lodish, Harvey F. |
| 9 (RLIN) |
7166 |
| 856 41 - ELECTRONIC LOCATION AND ACCESS |
| Materials specified |
Table of contents only |
| Uniform Resource Identifier |
http://www.loc.gov/catdir/toc/ecip0710/2007006188.html |
| 856 42 - ELECTRONIC LOCATION AND ACCESS |
| Materials specified |
Contributor biographical information |
| Uniform Resource Identifier |
http://www.loc.gov/catdir/enhancements/fy0912/2007006188-b.html |
| 856 42 - ELECTRONIC LOCATION AND ACCESS |
| Materials specified |
Publisher description |
| Uniform Resource Identifier |
http://www.loc.gov/catdir/enhancements/fy0912/2007006188-d.html |
| 906 ## - LOCAL DATA ELEMENT F, LDF (RLIN) |
| a |
7 |
| b |
cbc |
| c |
orignew |
| d |
1 |
| e |
ecip |
| f |
20 |
| g |
y-gencatlg |
| 942 ## - ADDED ENTRY ELEMENTS (KOHA) |
| Source of classification or shelving scheme |
|
| Koha item type |
წიგნი |